000 00456nam a2200145Ia 4500
008 100204s9999 xx 000 0 und d
082 _b5192
100 _aमयुरे सुरेश
245 _aयुकॅलिप्टस
260 _b"पॉप्युलर प्रकाशन , मुंबई"
_c1977
300 _a96
630 _aयुकॅलिप्टस
730 _aयुकॅलिप्टस
942 _cBOOK
999 _c449819
_d449816